000 02189cam a22004817i 4500
999 _c335
_d335
001 18282093
003 OSt
005 20190806141912.0
008 140827s2014 nyuab 001 0 eng d
010 _a 2012287451
020 _a9781465419651 (hbk.)
020 _a1465419659
035 _a(OCoLC)ocn859882957
040 _aYDXCP
_beng
_erda
_cYDXCP
_dBTCTA
_dBDX
_dFLWMD
_dLF3
_dCLE
_dFOLLT
_dIQ2
_dOCO
_dZHB
_dVP@
_dDLC
042 _alccopycat
082 0 4 _a500 SCI
_223
245 0 4 _aThe science book.
264 1 _aNew York, New York :
_bDK Publishing,
_c2014.
300 _a352 pages :
_billustrations (some col.), maps (some col.) ;
_c25 cm.
336 _atext
_btxt
_2rdacontent
337 _aunmediated
_bn
_2rdamedia
338 _avolume
_bnc
_2rdacarrier
490 1 _aBig ideas simply explained
500 _aIncludes index.
520 _aThe Science Book is an inventive visual take on astronomy, biology, chemistry, geology, and physics. With eye-catching artwork, step-by-step diagrams, and illustrations that break down complicated ideas into manageable concepts, The Science Book will have readers conversant in genetic engineering, black holes, and global warming in no time. Along the way are found mini-biographies of the most well-known scientists, and a glossary of helpful scientific terms..
650 0 _aScience
_vPopular works.
650 0 _aScience
_xHistory
_vPopular works.
650 0 _aScientists
_vBiography.
700 _aHart-Davis, Adam
_eConsultant editor
700 _aFarndon, john
_eContributor
700 _aGreen, Dan
_eContributor
700 _aHarvey, Derek
_eContributor
700 _aJohnson, Penny
_eContributor
700 _aPalmer, Douglas
_eContributor
700 _aParker, Steve
_eContributor
700 _aSparrow, Giles
_eContributor
710 2 _aDK Publishing, Inc.
830 0 _aBig ideas simply explained.
856 4 2 _3Publisher description
_uhttp://www.loc.gov/catdir/enhancements/fy1501/2012287451-d.html
906 _a7
_bcbc
_ccopycat
_d2
_encip
_f20
_gy-gencatlg
942 _2ddc
_cNFIC